| 000 | 00349nam a2200145Ia 4500 | ||
|---|---|---|---|
| 008 | 230917s9999||||xx |||||||||||||| ||und|| | ||
| 040 |
_e133170 _aMAIN |
||
| 041 | _aEnglish | ||
| 082 | _aB J211S | ||
| 100 | _aJakhar, Ram Singh | ||
| 245 | 0 | _aShahidon ko pranam | |
| 260 |
_aRohtak _bHaryana Sahitya Mandal _c1993 |
||
| 300 | _a208 p. | ||
| 942 | _cBK | ||
| 999 |
_c78365 _d78365 |
||